Statistics for Guess the Taylor Swift song with no hints #4

Click here to take the quiz!

General Stats

  • This quiz has been taken 85,223 times
  • The average score is 179 of 286

Answer Stats

Answer% Correct
I
98%
a
97%
You
95%
you
95%
you'll
95%
the
92%
me
89%
we
88%
we'll
88%
Love
87%
to
82%
on
81%
and
80%
And
80%
in
79%
So
78%
so
78%
it
77%
Your
77%
your
77%
No
75%
no
75%
go
74%
My
73%
my
73%
is
72%
She
71%
She'll
71%
she's
71%
for
70%
was
70%
Never
68%
never
68%
What
68%
of
67%
they
67%
they'll
67%
could
66%
One
65%
one's
65%
there
65%
This
65%
this
65%
night
63%
that
63%
That
63%
don't
62%
Don't
62%
say
62%
Champagne
61%
champagne
61%
know
61%
problems
61%
Her
60%
hand
59%
have
59%
out
59%
not
58%
all
57%
reason
57%
heart
55%
made
55%
said
55%
train
55%
you're
55%
You're
55%
But
54%
How
54%
think
54%
while
54%
With
54%
dancing
53%
friends
53%
head
53%
Left
53%
Now
53%
our
53%
sit
53%
up
53%
dropped
52%
just
52%
mom's
52%
picture
52%
standing
52%
two
52%
had
51%
money
51%
pocket
51%
ring
51%
show
51%
wallet
51%
booked
50%
fucked
50%
their
50%
watch
50%
Because
49%
shame
49%
hurt
48%
it's
48%
thing
48%
Well
48%
again
47%
couldn't
47%
door
47%
glass
47%
keep
47%
or
47%
sister
47%
bride
46%
crowd
46%
crowds
46%
once
46%
ready
46%
walked
46%
which
46%
word
46%
answer
45%
family
45%
find
45%
give
45%
lovely
45%
real
45%
silent
45%
sleepers
45%
sure
45%
told
45%
worse
45%
asks
44%
bottle
44%
celebrating
44%
landing
44%
leave
44%
Sometimes
44%
such
44%
knees
43%
someone's
43%
splashed
43%
touch
43%
would've
43%
Crestfallen
42%
group
42%
'Til
42%
Bustling
41%
called
41%
Chevy
41%
evergreen
41%
instead
41%
joke
41%
madhouse
41%
November
41%
halls
40%
remember
40%
soon
40%
speech
40%
through
40%
cure
39%
flush
39%
hometown
39%
Midas
39%
nerve
39%
speechless
39%
won't
39%
brought
38%
deck
38%
dorm
38%
flannel
38%
applauded
37%
hold
37%
skeptics
37%
tapestry
37%
Dom
36%
patch
36%
shred
36%
beyond
35%
reaches
35%
Pérignon
32%
slipped
31%

Score Distribution

Percentile by Number Answered

Percent of People with Each Score

Your Score History

You have not taken this quiz